| 000 | 00419nam a2200181 4500 | ||
|---|---|---|---|
| 005 | 20260203113130.0 | ||
| 008 | 260112b |||||||| |||| 00| 0 eng d | ||
| 020 | _a9781408850251 | ||
| 041 | _aEnglish | ||
| 082 |
_a823 _bHAS |
||
| 100 | _aHosseini Khaled | ||
| 245 | _aThe Kite Runner | ||
| 260 |
_aNew Delhi _bBloomsbury _c2013 |
||
| 300 | _a343 | ||
| 365 |
_b599.00 _cRs.00 |
||
| 650 | _aFiction | ||
| 942 | _cDB | ||
| 999 |
_c369851 _d369851 |
||